| 000 | 00792nam a2200301Ia 4500 | ||
|---|---|---|---|
| 008 | 170711s9999 xx 000 0 und d | ||
| 020 | _a9781439190142 | ||
| 050 | _a920 | ||
| 050 | _bO71 2011 | ||
| 100 | _aOrlean, Susan | ||
| 245 | _aRin Tin Tin : | ||
| 245 | _bthe life and the legend / | ||
| 245 | _cby Susan Orlean. | ||
| 260 | _aNew York : | ||
| 260 | _bSimon & Schuster, | ||
| 260 | _c2011 | ||
| 300 | _a324 pages : | ||
| 300 | _billustrations ; | ||
| 300 | _c21cm. | ||
| 650 | _aDogs in the performing arts -- | ||
| 650 | _aGerman shepherd dog -- | ||
| 650 | _aRin-Tin-Tin -- (Dog). | ||
| 650 | _aWorking dogs -- | ||
| 650 | _xHistory -- 20th century. | ||
| 650 | _xUnited States -- Biography. | ||
| 650 | _xUnited States -- Biography. | ||
| 700 | _aTitle. | ||
| 999 |
_c339733 _d339733 |
||